<?xml version="1.0" encoding="UTF-8"?>
<record
    xmlns:xsi="http://www.w3.org/2001/XMLSchema-instance"
    xsi:schemaLocation="http://www.loc.gov/MARC21/slim http://www.loc.gov/standards/marcxml/schema/MARC21slim.xsd"
    xmlns="http://www.loc.gov/MARC21/slim">

  <leader>01086nam a22001457a 4500</leader>
  <datafield tag="999" ind1=" " ind2=" ">
    <subfield code="c">520143</subfield>
    <subfield code="d">520143</subfield>
  </datafield>
  <controlfield tag="008">220704b           ||||| |||| 00| 0 eng d</controlfield>
  <datafield tag="100" ind1=" " ind2=" ">
    <subfield code="a">Chawla, Arun </subfield>
    <subfield code="9">31828</subfield>
  </datafield>
  <datafield tag="245" ind1=" " ind2=" ">
    <subfield code="a">Employment and human resource </subfield>
  </datafield>
  <datafield tag="260" ind1=" " ind2=" ">
    <subfield code="a">Yojana </subfield>
  </datafield>
  <datafield tag="300" ind1=" " ind2=" ">
    <subfield code="a">66(3), Mar, 2022: p.47-49</subfield>
  </datafield>
  <datafield tag="520" ind1=" " ind2=" ">
    <subfield code="a">The Covid-19 pandemic has severely impacted the population globally in their economic well-being and long-term livelihoods. While the crisis has taken a toll on all socio-economic sections, the disadvantaged sections stand more vulnerable due to the disadvantaged sections stand more vulnerable due to the augmented risk of informal sector jobs, uncertain incomes, meagre savings and low accessibility to rescores, including technology, including. Skill development is a crucial sector relevant to economic growth and reaping India&#x2019;s demographic divided. While most developed nations are experiencing an ageing population, India has the opportunity to produce skilled human resources and become the work&#x2019;s skill capital &#x2013; Reproduced </subfield>
  </datafield>
  <datafield tag="773" ind1=" " ind2=" ">
    <subfield code="a">Yojana </subfield>
  </datafield>
  <datafield tag="906" ind1=" " ind2=" ">
    <subfield code="a">EMPLOYMENT</subfield>
  </datafield>
  <datafield tag="942" ind1=" " ind2=" ">
    <subfield code="c">AR</subfield>
  </datafield>
  <datafield tag="952" ind1=" " ind2=" ">
    <subfield code="0">0</subfield>
    <subfield code="1">0</subfield>
    <subfield code="2">ddc</subfield>
    <subfield code="4">0</subfield>
    <subfield code="7">0</subfield>
    <subfield code="9">394213</subfield>
    <subfield code="a">IIPA</subfield>
    <subfield code="b">IIPA</subfield>
    <subfield code="d">2022-07-04</subfield>
    <subfield code="h">66(3), Mar, 2022: p.47-49</subfield>
    <subfield code="p">AR126807</subfield>
    <subfield code="r">2022-07-04</subfield>
    <subfield code="y">AR</subfield>
  </datafield>
</record>
